| 000 | 00818nam a2200253 i 4500 | ||
|---|---|---|---|
| 003 | DO-SdBNP | ||
| 005 | 20230418080721.0 | ||
| 006 | a||||er|||| 00| 0 | ||
| 007 | ta | ||
| 008 | 230417e200? dr a|||er|||| 00| edspa d | ||
| 040 |
_aDO-SdBNP _bspa _cBNPHU |
||
| 082 | 4 |
_222 _bA997a |
|
| 245 | 1 | 0 |
_aAgobio de prisa: _bII pausa. / _cSebastian y Azucena, Juan Jo Marte |
| 246 | 1 | 1 |
_aAgobio de prisa: _b2da. pausa. |
| 264 | 0 | 0 |
_a[Santo Domingo] : _bABORIGEN, _csin fecha |
| 300 |
_a[88] páginas _bIlustraciones, _c24 cm. |
||
| 336 |
_2rdaconten _atexto _btxt |
||
| 337 |
_2rdamedia _asin mediación _bn |
||
| 338 |
_2rdacarrier _avolumen _bnc |
||
| 500 | _aIncluye datos biográficos del autor en la solapa de la contracubierta. | ||
| 590 | _aInventariado 2023 / MF | ||
| 700 | 1 |
_aMarte, Juanjo _983269 |
|
| 942 |
_2ddc _cLBS1 |
||
| 999 |
_c53289 _d53289 |
||